| 000 | 00577nam a22002177a 4500 | ||
|---|---|---|---|
| 999 |
_c70 _d70 |
||
| 003 | OSt | ||
| 005 | 20200214131446.0 | ||
| 008 | 140701b xxu||||| |||| 00| 0 eng d | ||
| 020 | _a0716726351 | ||
| 040 | _cLDC | ||
| 082 | _a599.35 WAL 1997 | ||
| 100 |
_aWalker F. Warren; Dominique G. Homberger _9212 |
||
| 245 | _aAnatomy and Dissection of the Rat | ||
| 250 | _a3rd ed. | ||
| 260 |
_aEngland : _bW.H FreeMan and company; _c1997 |
||
| 300 |
_axv, 122 p. : _bill _c29 |
||
| 504 | _aincludes index | ||
| 650 |
_aAnatomy _9124 |
||
| 650 |
_aBiology _913657 |
||
| 942 |
_2z _cO_SHELF |
||